| 000 | 00378nam a22001457a 4500 | ||
|---|---|---|---|
| 003 | OSt | ||
| 005 | 20230916114111.0 | ||
| 008 | 230916b |||||||| |||| 00| 0 eng d | ||
| 020 | _a9789355854575 | ||
| 040 | _cCOMPLIMENTARY | ||
| 082 |
_2i _a510 _b510/SHI/NIR |
||
| 245 |
_aBASIC MATHEMATICS _cSHINDE VITTHAL B |
||
| 260 |
_aPUNE _bTECHNICAL PUBLICATION _c2023 |
||
| 942 |
_2ddc _cBK _n0 |
||
| 999 |
_c35962 _d35962 |
||